000 00716nam a2200289Ia 4500
005 20260324125230.0
008 008 260324s9999 xx 000 0 eng d
020 _a9780203879511
037 _aEBOOK
040 _aCRL
040 _beng
040 _cCRL
041 _2eng
041 _aeng
084 _qCRL
100 _aPeter Maas Taubman
_91168127
245 0 _aTeaching By Numbers
245 0 _bDeconstructing the Discourse of Standards and Accountability in Education
260 _bTaylor and Francis
260 _c2009
365 _a
365 _b220
856 _uhttp://www.taylorfrancis.com/books/9780203879511
942 _cEBOOK
999 _c1772263
_d1772263